[Event "Hessenliga 1213"]
[Site "Germany"]
[Date "2012.09.16"]
[Round "1.3"]
[White "Dietz, Holger"]
[Black "Emmerich, Dirk"]
[Result "1/2-1/2"]
[WhiteElo "2310"]
[BlackElo "2218"]
[PlyCount "139"]
[EventDate "2012.09.16"]
[EventType "team-tourn"]
[EventRounds "9"]
[EventCountry "GER"]
[SourceTitle "EXT 2014"]
[Source "ChessBase"]
[SourceDate "2013.11.20"]
[SourceVersion "1"]
[SourceVersionDate "2013.11.20"]
[SourceQuality "1"]
[WhiteTeam "Griesheim II"]
[BlackTeam "Dotzheim"]
[WhiteTeamCountry "GER"]
[BlackTeamCountry "GER"]

1. e4 g6 2. d4 Bg7 3. Nf3 d6 4. h3 Nf6 5. Bd3 0-0 6. 0-0 Nc6 7. d5 Nb4 8. Re1 e6 9. c4 exd5 10. cxd5 Re8 11. Nc3 c5 12. Bf1 Na6 13. Bf4 Nc7 14. a4 b6 15. Nd2 Nh5 16. Bh2 Be5 17. Nc4 Bxh2+ 18. Kxh2 Ba6 19. Ne3 Bxf1 20. Rxf1 Rb8 21. Qf3 Qf6 22. Qxf6 Nxf6 23. f3 a6 24. Nc4 Red8 25. Rfb1 Nce8 26. Nd1 Nd7 27. Nde3 Ra8 28. b4 Rdb8 29. Ra2 b5 30. Na5 bxa4 31. Nc6 Rb5 32. Rxa4 Kf8 33. Nc4 Nb6 34. Nxb6 Rxb6 35. Rba1 cxb4 36. Nxb4 Nc7 37. Rc1 Nb5 38. Rca1 Nc7 39. Rc1 Nb5 40. Kg3 Ke8 41. Nc6 Kd7 42. h4 Nc7 43. Rc2 Rf8 44. Nd4 Rfb8 45. Rac4 R8b7 46. Kg4 h6 47. h5 Rb4 48. hxg6 fxg6 49. Nc6 Rxc4 50. Rxc4 Rb2 51. Kg3 Rb3 52. Rc1 Rb2 53. Rh1 h5 54. Rg1 Ke8 55. Kf4 Kf7 56. Kg5 Rb5 57. g4 hxg4 58. Rxg4 Kg7 59. Ne7 a5 60. Nxg6 a4 61. Nh4 a3 62. Nf5+ Kf8 63. Rg1 Rb6 64. Ra1 Nb5 65. Kf4 Ra6 66. Ke3 Ke8 67. Kd3 Kd7 68. Ne3 Kc7 69. Kc4 Kb6 70. Kb4 1/2-1/2

[Event "BL2-Sued 0910"]
[Site "Germany"]
[Date "2009.11.03"]
[Round "2.8"]
[White "Spiegel, Stefan"]
[Black "Dietz, Holger"]
[Result "1/2-1/2"]
[WhiteElo "2215"]
[BlackElo "2215"]
[PlyCount "24"]
[EventDate "2009.10.18"]
[EventType "team-tourn"]
[EventRounds "9"]
[EventCountry "GER"]
[SourceTitle "EXT 2011"]
[Source "ChessBase"]
[SourceDate "2010.11.26"]
[SourceVersion "1"]
[SourceVersionDate "2010.11.26"]
[SourceQuality "1"]
[WhiteTeam "Viernheim"]
[BlackTeam "Griesheim"]
[WhiteTeamCountry "GER"]
[BlackTeamCountry "GER"]

1. e4 d5 2. exd5 Qxd5 3. Nc3 Qd6 4. g3 Nf6 5. Bg2 c6 6. Nge2 e5 7. 0-0 Be7 8. d4 Nbd7 9. h3 0-0 10. d5 cxd5 11. Nxd5 Nxd5 12. Qxd5 Qxd5 1/2-1/2

[Event "Oberliga Sued W 0809"]
[Site "Germany"]
[Date "2009.03.30"]
[Round "9.3"]
[White "Dietz, Holger"]
[Black "Hahn, Harald"]
[Result "1/2-1/2"]
[WhiteElo "2293"]
[BlackElo "2151"]
[PlyCount "80"]
[EventDate "2008.10.05"]
[EventType "team-tourn"]
[EventRounds "11"]
[EventCountry "GER"]
[SourceTitle "EXT 2012"]
[Source "ChessBase"]
[SourceDate "2011.11.24"]
[SourceVersion "1"]
[SourceVersionDate "2011.11.24"]
[SourceQuality "1"]
[WhiteTeam "Ludwigshafen"]
[BlackTeam "Heidesheim"]
[WhiteTeamCountry "GER"]
[BlackTeamCountry "GER"]

1. e4 c5 2. Nf3 Nc6 3. Bb5 Na5 4. c3 a6 5. Ba4 Nf6 6. Qe2 e6 7. 0-0 b5 8. Bc2 d6 9. d4 cxd4 10. cxd4 Be7 11. Bg5 Bb7 12. Nbd2 Rc8 13. Bd3 0-0 14. Rad1 Qc7 15. e5 Nh5 16. Qe3 dxe5 17. dxe5 Bc5 18. Qe2 h6 19. Be3 Bxe3 20. Qxe3 Rfd8 21. Ne4 Nc4 22. Bxc4 Rxd1 23. Rxd1 Bxe4 24. Be2 Bxf3 25. Bxf3 g6 26. Bxh5 gxh5 27. h3 Qc2 28. Rd2 Qf5 29. Kh2 Kg7 30. Rd4 Rc4 31. Rxc4 bxc4 32. Kg3 a5 33. Qd4 h4+ 34. Kh2 a4 35. a3 Kh7 36. Qxc4 Qxe5+ 37. f4 Qe3 38. Qc2+ f5 39. Qxa4 Qg3+ 40. Kh1 Qe1+ 1/2-1/2

[Event "Oberliga Sued W 0809"]
[Site "Germany"]
[Date "2009.02.01"]
[Round "6.3"]
[White "Lares, Harald"]
[Black "Dietz, Holger"]
[Result "1/2-1/2"]
[WhiteElo "2094"]
[BlackElo "2293"]
[PlyCount "38"]
[EventDate "2008.10.05"]
[EventType "team-tourn"]
[EventRounds "11"]
[EventCountry "GER"]
[SourceTitle "EXT 2012"]
[Source "ChessBase"]
[SourceDate "2011.11.24"]
[SourceVersion "1"]
[SourceVersionDate "2011.11.24"]
[SourceQuality "1"]
[WhiteTeam "Kaiserslautern"]
[BlackTeam "Ludwigshafen"]
[WhiteTeamCountry "GER"]
[BlackTeamCountry "GER"]

1. Nf3 d5 2. c4 c6 3. e3 Nf6 4. Nc3 e6 5. Qc2 Nbd7 6. d4 Bd6 7. Be2 0-0 8. 0-0 dxc4 9. Bxc4 e5 10. Rd1 exd4 11. exd4 Nb6 12. Be2 h6 13. Ne5 Nbd5 14. Qd3 Be6 15. Qg3 Kh8 16. Qh4 Nh7 17. Qh5 Nhf6 18. Qh4 Nh7 19. Qh5 Nhf6 1/2-1/2

[Event "Oberliga Sued W 0809"]
[Site "Germany"]
[Date "2008.12.14"]
[Round "4.3"]
[White "Braun, Peter"]
[Black "Dietz, Holger"]
[Result "0-1"]
[WhiteElo "2232"]
[BlackElo "2293"]
[PlyCount "106"]
[EventDate "2008.10.05"]
[EventType "team-tourn"]
[EventRounds "11"]
[EventCountry "GER"]
[SourceTitle "EXT 2012"]
[Source "ChessBase"]
[SourceDate "2011.11.24"]
[SourceVersion "1"]
[SourceVersionDate "2011.11.24"]
[SourceQuality "1"]
[WhiteTeam "Frankenthal"]
[BlackTeam "Ludwigshafen"]
[WhiteTeamCountry "GER"]
[BlackTeamCountry "GER"]

1. d4 Nf6 2. c4 e6 3. Nf3 d5 4. Nc3 Nbd7 5. cxd5 exd5 6. Bg5 Bb4 7. e3 c5 8. Bd3 Qa5 9. Qc2 c4 10. Bf5 0-0 11. 0-0 g6 12. Bxd7 Nxd7 13. Nd2 Nb6 14. Bh6 Re8 15. f3 Bxc3 16. bxc3 Na4 17. Rac1 f5 18. Bf4 b5 19. Be5 Bd7 20. f4 Qb6 21. Rb1 Qe6 22. Rf3 Qe7 23. Qc1 a5 24. a3 Ra6 25. Rh3 Rc8 26. Nf3 Rb6 27. Qe1 Kf8 28. Rh6 Be6 29. Ng5 Bg8 30. Qh4 Rb7 31. Rc1 Ke8 32. Rc2 Rc6 33. h3 b4 34. axb4 axb4 35. cxb4 Rcb6 36. Kh2 Rxb4 37. Qg3 c3 38. Qe1 Rc4 39. Qa1 Qb4 40. h4 Qb3 41. Qd1 Qb1 42. Qf3 Qxc2 43. Rxh7 Rb2 44. Rh8 Qxg2+ 45. Qxg2 Rxg2+ 46. Kxg2 c2 47. Rxg8+ Kd7 48. Rg7+ Kc6 49. Rxg6+ Kb5 50. Nf7 Rc6 51. Nd6+ Kb4 52. h5 c1Q 53. h6 Rc2+ 0-1

[Event "Oberliga Sued W 0809"]
[Site "Germany"]
[Date "2008.11.30"]
[Round "3.3"]
[White "Dietz, Holger"]
[Black "Spacek, Petr"]
[Result "1/2-1/2"]
[WhiteElo "2293"]
[BlackElo "2423"]
[PlyCount "52"]
[EventDate "2008.10.05"]
[EventType "team-tourn"]
[EventRounds "11"]
[EventCountry "GER"]
[SourceTitle "EXT 2012"]
[Source "ChessBase"]
[SourceDate "2011.11.24"]
[SourceVersion "1"]
[SourceVersionDate "2011.11.24"]
[SourceQuality "1"]
[WhiteTeam "Ludwigshafen"]
[BlackTeam "Bann"]
[WhiteTeamCountry "GER"]
[BlackTeamCountry "GER"]

1. d4 d6 2. Nf3 Nf6 3. c4 Nbd7 4. Nc3 e5 5. g3 c6 6. Bg2 e4 7. Ng5 d5 8. cxd5 cxd5 9. f3 exf3 10. exf3 Bb4 11. Qe2+ Qe7 12. Qxe7+ Bxe7 13. Kf2 0-0 14. Re1 Bb4 15. Bd2 Nb6 16. a3 Bxc3 17. Bxc3 h6 18. Nh3 Bd7 19. b3 Rac8 20. Bb4 Rc2+ 21. Re2 Rfc8 22. Bc5 Rc3 23. Re3 Rc2+ 24. Re2 Rxe2+ 25. Kxe2 Bf5 26. Kd2 Nbd7 1/2-1/2

[Event "Oberliga Sued W 0708"]
[Site "Germany"]
[Date "2007.10.21"]
[Round "1.2"]
[White "Leuranguer, Yannick"]
[Black "Dietz, Holger"]
[Result "1/2-1/2"]
[WhiteElo "2247"]
[BlackElo "2307"]
[PlyCount "39"]
[EventDate "2007.10.21"]
[EventType "team-tourn"]
[EventRounds "9"]
[EventCountry "GER"]
[SourceTitle "EXT 2009"]
[Source "ChessBase"]
[SourceDate "2008.11.26"]
[SourceVersion "1"]
[SourceVersionDate "2008.11.26"]
[SourceQuality "1"]
[WhiteTeam "Landau"]
[BlackTeam "Ludwigshafen"]
[WhiteTeamCountry "GER"]
[BlackTeamCountry "GER"]

1. e4 e6 2. d4 d5 3. Nc3 dxe4 4. Nxe4 Nd7 5. Nf3 Ngf6 6. Nxf6+ Nxf6 7. Bd3 c5 8. dxc5 Bxc5 9. Bg5 Qb6 10. 0-0 Qxb2 11. Rb1 Qxa2 12. Bb5+ Ke7 13. Ne5 Qd5 14. Qe2 Bd4 15. Nf3 Bb6 16. Rfd1 Qc5 17. Ne5 Rd8 18. Bd3 Rd5 19. Be3 Qc7 20. Bf4 1/2-1/2

[Event "Verbandsliga Nord Baden 0607"]
[Site "Germany"]
[Date "2006.10.29"]
[Round "1.2"]
[White "Dietz, Holger"]
[Black "Haas, Michael"]
[Result "0-1"]
[WhiteElo "2307"]
[BlackElo "2176"]
[PlyCount "78"]
[EventDate "2006.10.22"]
[EventType "team-tourn"]
[EventRounds "9"]
[EventCountry "GER"]
[SourceTitle "EXT 2008"]
[Source "ChessBase"]
[SourceDate "2007.11.25"]
[SourceVersion "1"]
[SourceVersionDate "2007.11.25"]
[SourceQuality "1"]
[WhiteTeam "Slavija KA"]
[BlackTeam "Walldorf"]
[WhiteTeamCountry "GER"]
[BlackTeamCountry "GER"]

1. Nf3 Nf6 2. b3 g6 3. Bb2 Bg7 4. c4 c5 5. e3 0-0 6. Be2 d5 7. 0-0 Nc6 8. d4 cxd4 9. Nxd4 Nxd4 10. Bxd4 dxc4 11. bxc4 Qa5 12. Qb3 Ne4 13. Bf3 Nc5 14. Qc3 Qxc3 15. Nxc3 Bxd4 16. exd4 Ne6 17. Rfd1 Rd8 18. Bd5 Nc7 19. Be4 Ne6 20. Nd5 Kf8 21. Rab1 Rb8 22. f3 Nxd4 23. Rxd4 e6 24. Kf2 exd5 25. cxd5 Rd6 26. Rc1 Be6 27. Rc7 f5 28. dxe6 Rxd4 29. Bxb7 f4 30. Rxh7 Kg8 31. Rd7 Rxd7 32. exd7 Kf8 33. a4 Ke7 34. Bc8 Rb2+ 35. Kg1 Ra2 36. g3 Rxa4 37. Kg2 a5 38. gxf4 Rxf4 39. Kg3 g5 0-1

[Event "Verbandsliga Nord Baden 0506"]
[Site "Germany"]
[Date "2006.01.15"]
[Round "5.2"]
[White "Dietz, Holger"]
[Black "Vasilev, Milen"]
[Result "1/2-1/2"]
[WhiteElo "2305"]
[BlackElo "2419"]
[PlyCount "179"]
[EventDate "2005.10.16"]
[EventType "team-tourn"]
[EventRounds "9"]
[EventCountry "GER"]
[SourceTitle "EXT 2007"]
[Source "ChessBase"]
[SourceDate "2006.11.23"]
[SourceVersion "1"]
[SourceVersionDate "2006.11.23"]
[SourceQuality "1"]
[WhiteTeam "Karlsruhe Slavija"]
[BlackTeam "Neuhausen"]
[WhiteTeamCountry "GER"]
[BlackTeamCountry "GER"]

1. Nf3 c5 2. b3 Nc6 3. Bb2 d5 4. e3 a6 5. Be2 Nf6 6. 0-0 g6 7. Bxf6 exf6 8. d4 cxd4 9. Nxd4 Bg7 10. c3 f5 11. g3 h5 12. Bf3 h4 13. Re1 Be6 14. Bg2 hxg3 15. hxg3 Ne5 16. Nd2 Rc8 17. c4 dxc4 18. bxc4 Nd3 19. Re2 Bxd4 20. exd4 Qxd4 21. Bxb7 Rd8 22. Bd5 Rxd5 23. cxd5 Qxd5 24. f3 f4 25. Rb1 Qd4+ 26. Kg2 fxg3 27. Rb8+ Ke7 28. Rb7+ Kf8 29. Rb8+ Kg7 30. Rxh8 Kxh8 31. Kxg3 Qd6+ 32. Kg2 Nf4+ 33. Kh1 Nxe2 34. Qxe2 Qd4 35. Nb3 Qh4+ 36. Kg1 Qg3+ 37. Kh1 Bd5 38. Nd2 Kg7 39. a3 g5 40. Qd3 Qe5 41. Kg1 a5 42. Kf2 f5 43. Qe3 Qxe3+ 44. Kxe3 f4+ 45. Kd4 Ba8 46. Ke5 Kg6 47. Ke6 a4 48. Ke5 Kh5 49. Kf6 Bc6 50. Kf5 Bb7 51. Kf6 g4 52. fxg4+ Kxg4 53. Ke5 Kg3 54. Nf1+ Kf2 55. Nh2 Ke3 56. Ng4+ Kf3 57. Nh2+ Kg3 58. Nf1+ Kg4 59. Nh2+ Kg5 60. Kd4 Kf5 61. Kd3 Ba6+ 62. Kd4 Be2 63. Kd5 Bd1 64. Kd4 Bg4 65. Kd5 Bh3 66. Kd4 Bg2 67. Kd3 Kg5 68. Ke2 Be4 69. Nf1 Kf5 70. Nd2 Ke5 71. Nc4+ Kd4 72. Nb6 Bc6 73. Kf2 Ke4 74. Ke2 Bb5+ 75. Kf2 Ke5 76. Kg2 Bc6+ 77. Kf2 Kd6 78. Ke2 Ke6 79. Kf2 Kf5 80. Ke2 Kg4 81. Kf2 Bb5 82. Nd5 Bc4 83. Nb6 Bb3 84. Nd7 Kf5 85. Nc5 Ke5 86. Nd7+ Kd4 87. Kf3 Kc3 88. Kxf4 Kb2 89. Nc5 Kxa3 90. Nxa4 1/2-1/2

[Event "Oberliga NRW 9900 II"]
[Site "Germany"]
[Date "1999.12.20"]
[Round "3.4"]
[White "Dietz, Holger"]
[Black "Noetzel, Frank"]
[Result "1/2-1/2"]
[WhiteElo "2300"]
[BlackElo "2244"]
[PlyCount "131"]
[EventDate "1999.10.26"]
[EventType "team-tourn"]
[EventRounds "9"]
[EventCountry "GER"]
[SourceTitle "EXT 2001"]
[Source "ChessBase"]
[SourceDate "2000.11.22"]
[SourceVersion "1"]
[SourceVersionDate "2000.11.22"]
[SourceQuality "1"]
[WhiteTeam "Koeln KKS"]
[BlackTeam "Elberfeld"]
[WhiteTeamCountry "GER"]
[BlackTeamCountry "GER"]

1. Nf3 f5 2. g3 Nf6 3. Bg2 g6 4. 0-0 Bg7 5. d4 0-0 6. c4 d6 7. Nc3 Nc6 8. d5 Ne5 9. Qb3 Nfd7 10. Be3 Ng4 11. Bd4 Nde5 12. Rad1 f4 13. Ne4 h6 14. Nxe5 Nxe5 15. Nd2 g5 16. Nf3 Rf7 17. Nxe5 dxe5 18. Bc3 Qd6 19. Be4 a5 20. Qb5 Bd7 21. Qxb7 Rff8 22. Qb3 Qc5 23. Qa3 Qxc4 24. Bd3 Qa4 25. Qxe7 Rae8 26. Qc5 fxg3 27. fxg3 Bh3 28. Rxf8+ Rxf8 29. b3 Qd7 30. Qc4 Kh8 31. Qe4 Rf5 32. Bxa5 Bf8 33. e3 h5 34. Bc3 Bd6 35. Qa4 Qf7 36. Bxf5 Qxf5 37. Qe8+ Kg7 38. Qe6 Qc2 39. Qxh3 Qxd1+ 40. Qf1 Qc2 41. Qe1 Qxa2 42. e4 Qxb3 43. Qe3 Qd1+ 44. Kg2 Qc2+ 45. Bd2 Be7 46. Kf1 Qd1+ 47. Be1 g4 48. Qe2 Qc1 49. Kg2 Bg5 50. h3 gxh3+ 51. Kxh3 Bf6 52. Kg2 Qb1 53. Bf2 Bg5 54. Qf3 Qc2 55. Kg1 Qb1+ 56. Kg2 Qc2 57. Qf5 Bf6 58. Kh2 Qe2 59. Kg1 Qd1+ 60. Kg2 Qc2 61. Qxh5 Qxe4+ 62. Qf3 Qc4 63. Kh3 Kf7 64. Be3 Qd3 65. g4 Kg6 66. Kg2 1/2-1/2